[Event "Russia - China Match"]
[Site "Nizhniy Novgorod RUS"]
[Date "2007.08.30"]
[EventDate "2007.08.20"]
[Round "10"]
[Result "1/2-1/2"]
[White "Dmitry Jakovenko"]
[Black "Wang Hao"]
[WhiteElo "2735"]
[BlackElo "2624"]
[PlyCount "174"]

1. e4 e5 2. Nf3 Nf6 3. Nxe5 d6 4. Nf3 Nxe4 5. Nc3 Nxc3 6. dxc3
Be7 7. Be3 Nc6 8. Qd2 O-O 9. O-O-O Ne5 10. h4 Re8 11. Kb1 Bg4
12. Be2 Qc8 13. h5 h6 14. Rde1 a6 15. Nxe5 dxe5 16. f3 Be6
17. Bd3 Bf5 18. g4 Bxd3 19. Qxd3 Qe6 20. Bc1 Bf6 21. Re4 Rad8
22. Qe2 Qd7 23. a3 Re6 24. Ka2 c6 25. Re1 Bh4 26. Rh1 Bf6
27. Be3 Rd6 28. Qg2 Kh7 29. Rg1 Rd1 30. Rxd1 Qxd1 31. c4 Rd6
32. g5 Bxg5 33. Bxg5 hxg5 34. Qxg5 Qxf3 35. Rxe5 Qf6 36. Qe3
Re6 37. Qd3+ Kg8 38. Rf5 Qe7 39. Qg3 Qd6 40. Qg4 Qe7 41. Rf3
Kh7 42. Rd3 b5 43. Rc3 Qf6 44. Rf3 Qe7 45. Rg3 Qf6 46. Rf3 Qe7
47. Rd3 Qc5 48. Rc3 Qe5 49. Qf3 Rf6 50. Qd1 Rd6 51. Qg4 Rd4
52. Qf3 Qe6 53. b3 bxc4 54. b4 Re4 55. Qf2 Qe5 56. Qxf7 Qxc3
57. Qf5+ Kg8 58. Qxe4 Kf7 59. Kb1 Qxa3 60. Qxc4+ Ke7 61. c3
Qa4 62. Qe4+ Kf8 63. Qf5+ Ke7 64. Qg5+ Kf7 65. Qg6+ Kf8
66. Qd6+ Kf7 67. Kb2 Qb5 68. Qd7+ Kf8 69. Qd6+ Kf7 70. Qg6+
Kf8 71. Ka3 Qc4 72. Qd6+ Kf7 73. Qe5 Qb5 74. Qd4 Kg8 75. Qd6
Qc4 76. Qe5 Kf7 77. Qf5+ Kg8 78. Qe5 Kf7 79. Qd4 Qb5 80. c4
Qxh5 81. Qd7+ Kf8 82. Qxc6 Qd1 83. b5 axb5 84. cxb5 Ke7
85. Qc7+ Qd7 86. Qe5+ Kd8 87. Ka4 Kc8 1/2-1/2

[Event "UK vs China Match"]
[Site "?"]
[Date "2007.09.05"]
[EventDate "?"]
[Round "r1"]
[Result "1-0"]
[White "Wang Hao"]
[Black "Nigel Short"]
[WhiteElo "2226"]
[BlackElo "2712"]
[PlyCount "107"]

1. e4 e5 2. Nf3 Nc6 3. Bb5 a6 4. Ba4 d6 5. c3 Bd7 6. O-O g6
7. d4 Bg7 8. Re1 Nge7 9. d5 Na5 10. Bxd7+ Qxd7 11. b3 b5
12. c4 c5 13. dxc6 Qxc6 14. Bg5 bxc4 15. Bxe7 Kxe7 16. Nc3 Bh6
17. Nd5+ Kf8 18. h4 Rc8 19. Ng5 Bxg5 20. hxg5 Qe8 21. Qf3 Qd8
22. Qf6 Qxf6 23. gxf6 Ke8 24. Rac1 Rc6 25. b4 Nb7 26. Ne7 Rc7
27. Nd5 Rc6 28. Re3 Kd7 29. Rec3 Rb8 30. Rxc4 Nd8 31. a4 h5
32. g3 Rb7 33. a5 Rxc4 34. Rxc4 Nc6 35. Nb6+ Kc7 36. Kg2 Rb8
37. Nd5+ Kd7 38. Nb6+ Kc7 39. Nd5+ Kd7 40. f3 g5 41. Rc1 Nxb4
42. Rc7+ Ke8 43. Ne3 Nd3 44. Nc4 Rd8 45. Rc6 d5 46. Nd6+ Kf8
47. Rc7 d4 48. Rxf7+ Kg8 49. Rg7+ Kf8 50. Rf7+ Kg8 51. Rg7+
Kf8 52. Nf5 Rb8 53. Nh6 Rb2+ 54. Kf1 1-0

[Event "UK vs China Match"]
[Site "Liverpool ENG"]
[Date "2007.09.05"]
[EventDate "2007.09.04"]
[Round "2"]
[Result "0-1"]
[White "David Howell"]
[Black "Wang Hao"]
[WhiteElo "2519"]
[BlackElo "2624"]
[PlyCount "68"]

1. e4 e6 2. d4 d5 3. Nd2 c5 4. exd5 Qxd5 5. Ngf3 cxd4 6. Bc4
Qd6 7. O-O Nf6 8. Nb3 Nc6 9. Nbxd4 Nxd4 10. Nxd4 a6 11. Bb3
Bd7 12. c3 Qc7 13. Bg5 O-O-O 14. Qf3 Bd6 15. h3 Be5 16. Rad1
h6 17. Bc1 g5 18. Qe2 Rhg8 19. Rfe1 Bh2+ 20. Kh1 Bd6 21. Qf3
Bf4 22. g3 e5 23. gxf4 g4 24. Qd3 exd4 25. cxd4 Bc6+ 26. Kh2
gxh3 27. Qf5+ Qd7 28. Qxd7+ Bxd7 29. Be3 Rg2+ 30. Kh1 Bc6
31. Bxf7 Bf3 32. Be6+ Kb8 33. Bxh3 Rdg8 34. Bxg2 Rxg2 0-1

[Event "UK vs China Match"]
[Site "Liverpool ENG"]
[Date "2007.09.07"]
[EventDate "2007.09.04"]
[Round "4"]
[Result "1/2-1/2"]
[White "Jonathan Rowson"]
[Black "Wang Hao"]
[WhiteElo "2599"]
[BlackElo "2624"]
[PlyCount "41"]

1. d4 d5 2. Nf3 Nf6 3. c4 c6 4. e3 Bf5 5. Nc3 e6 6. Bd3 Bxd3
7. Qxd3 Nbd7 8. O-O Bb4 9. Bd2 a5 10. a3 Be7 11. b3 O-O
12. Rfe1 Re8 13. e4 dxe4 14. Nxe4 Qc7 15. b4 axb4 16. axb4
Rad8 17. Nxf6+ Bxf6 18. Qe4 Nb6 19. Bf4 Qd7 20. Qe2 h6 21. h3
1/2-1/2

[Event "UK vs China Match"]
[Site "Liverpool ENG"]
[Date "2007.09.08"]
[EventDate "2007.09.04"]
[Round "5"]
[Result "1/2-1/2"]
[White "Wang Hao"]
[Black "Michael Adams"]
[WhiteElo "2624"]
[BlackElo "2724"]
[PlyCount "52"]

1. e4 e5 2. Nf3 Nc6 3. Bb5 a6 4. Ba4 Nf6 5. O-O b5 6. Bb3 Bc5
7. a4 Rb8 8. c3 d6 9. d4 Bb6 10. axb5 axb5 11. Na3 O-O
12. Nxb5 Bg4 13. Bc2 exd4 14. Nbxd4 Nxd4 15. cxd4 Bxf3
16. gxf3 Nh5 17. Kh1 Qf6 18. Ra4 Ra8 19. Be3 Rxa4 20. Bxa4 Ra8
21. b3 g6 22. f4 Nxf4 23. Qf3 Nh5 24. Qxf6 Nxf6 25. f3 Kg7
26. Bf2 Nh5 1/2-1/2

[Event "UK vs China Match"]
[Site "Liverpool ENG"]
[Date "2007.09.09"]
[EventDate "2007.09.04"]
[Round "6"]
[Result "1/2-1/2"]
[White "Nicholas Pert"]
[Black "Wang Hao"]
[WhiteElo "2536"]
[BlackElo "2624"]
[PlyCount "59"]

1. d4 d5 2. Nf3 Nf6 3. c4 c6 4. Nc3 a6 5. e3 e6 6. b3 Bb4
7. Bd2 Nbd7 8. Bd3 O-O 9. O-O Bd6 10. Qc2 h6 11. Ne2 Qe7
12. Ng3 b6 13. Rad1 Bb7 14. Rfe1 Rfd8 15. e4 dxe4 16. Nxe4
Nxe4 17. Bxe4 Nf6 18. Bc3 Bb4 19. Bxb4 Qxb4 20. Ne5 Rxd4
21. Bxc6 Rxd1 22. Qxd1 Bxc6 23. Nxc6 Qc5 24. Ne5 Qc7 25. Ng4
Nxg4 26. Qxg4 b5 27. Rc1 Qc5 28. Qd1 Rc8 29. Qd2 Qa3 30. Qd1
1/2-1/2

[Event "Asian Individual Championship"]
[Site "Cebu City PHI"]
[Date "2007.09.20"]
[EventDate "2007.09.19"]
[Round "2.2"]
[Result "1-0"]
[White "Wang Hao"]
[Black "Neelotpal Das"]
[WhiteElo "2638"]
[BlackElo "2514"]
[PlyCount "61"]

1. e4 c5 2. Nf3 e6 3. d4 cxd4 4. Nxd4 a6 5. Bd3 Bc5 6. Nb3 Ba7
7. Qg4 Nf6 8. Qg3 Nc6 9. Nc3 d6 10. Bg5 h6 11. Bd2 e5 12. Nd5
Nh5 13. Qf3 Nf6 14. Ne3 Be6 15. Nf5 O-O 16. O-O Nh7 17. Rad1
Ng5 18. Qg3 Bxf5 19. exf5 Qf6 20. Bxg5 hxg5 21. Be4 Rfd8
22. Qf3 Rac8 23. c3 Rc7 24. Rd3 Kf8 25. Rfd1 Ke7 26. Nd2 Nb8
27. h3 b5 28. Ba8 g6 29. Ne4 Qxf5 30. Qe2 Nc6 31. Rf3 1-0

[Event "Asian Individual Championship"]
[Site "Cebu City PHI"]
[Date "2007.09.24"]
[EventDate "2007.09.19"]
[Round "6.3"]
[Result "1/2-1/2"]
[White "Abhijit Kunte"]
[Black "Wang Hao"]
[WhiteElo "2519"]
[BlackElo "2626"]
[PlyCount "47"]

1. d4 d5 2. c4 c6 3. Nf3 Nf6 4. Qc2 dxc4 5. Qxc4 Bf5 6. g3 e6
7. Bg2 Be7 8. O-O Nbd7 9. Nc3 O-O 10. Re1 Bg6 11. e4 b5
12. Qxc6 b4 13. e5 Rc8 14. Qa6 bxc3 15. exf6 Nxf6 16. bxc3
Rxc3 17. Ne5 Qb6 18. Qxb6 axb6 19. d5 Bc5 20. dxe6 fxe6
21. Nxg6 hxg6 22. Be3 Bxe3 23. Rxe3 Rxe3 24. fxe3 1/2-1/2

[Event "World Junior Championship"]
[Site "Yerevan ARM"]
[Date "2007.10.03"]
[EventDate "2007.10.03"]
[Round "1"]
[Result "0-1"]
[White "Hrair Simonian"]
[Black "Wang Hao"]
[WhiteElo "2405"]
[BlackElo "2643"]
[PlyCount "74"]

1. e4 c5 2. Nc3 d6 3. f4 Nc6 4. Nf3 g6 5. Bc4 Bg7 6. O-O e6
7. d3 Nge7 8. Qe1 O-O 9. f5 gxf5 10. Qh4 fxe4 11. dxe4 Ng6
12. Qh5 Nce5 13. Bh6 f6 14. Nxe5 Nxe5 15. Be2 Bd7 16. Rad1 Qe7
17. Bf4 Rad8 18. Bxe5 dxe5 19. Bc4 Be8 20. Qg4 Bf7 21. Rd3 Kh8
22. Qh4 Rd4 23. b3 Rxd3 24. Bxd3 Qd7 25. Ne2 Bg6 26. a4 a6
27. Qf2 c4 28. Bxc4 Bxe4 29. Nc3 Bc6 30. Rd1 Qe7 31. Qb6 f5
32. b4 f4 33. b5 axb5 34. axb5 Qb4 35. Rb1 Qxc4 36. bxc6 e4
37. Kh1 bxc6 0-1

[Event "World Junior Championship"]
[Site "Yerevan ARM"]
[Date "2007.10.04"]
[EventDate "2007.10.03"]
[Round "2"]
[Result "1-0"]
[White "Wang Hao"]
[Black "Tornike Sanikidze"]
[WhiteElo "2643"]
[BlackElo "2474"]
[PlyCount "129"]

1. e4 c5 2. Nf3 d6 3. d4 cxd4 4. Nxd4 Nf6 5. Nc3 Nc6 6. Bg5 e6
7. Qd2 Be7 8. O-O-O Nxd4 9. Qxd4 O-O 10. f4 Qa5 11. Bc4 Bd7
12. e5 dxe5 13. fxe5 Bc6 14. Bd2 Nd7 15. Nd5 Qd8 16. Nxe7+
Qxe7 17. Rhe1 Nb6 18. Bf1 Rfd8 19. Qg4 Rac8 20. Kb1 Ba4 21. b3
Qc7 22. c4 Bc6 23. Qh3 Nd7 24. Bd3 Nf8 25. Bb4 Ng6 26. Bd6 Qa5
27. Rf1 Rd7 28. Bc2 Qd8 29. Rd4 Qg5 30. Rf2 h5 31. Qd3 h4
32. Qd2 Qxd2 33. Rfxd2 Rcd8 34. c5 h3 35. gxh3 Ne7 36. Rf2 g6
37. h4 Kg7 38. h5 gxh5 39. Rd1 Ng6 40. Rg1 Rg8 41. Kb2 h4
42. Rf6 Kh8 43. b4 Rg7 44. h3 Kg8 45. Rg4 a6 46. a4 Ne7
47. Rxh4 Ng6 48. Rh5 Rh7 49. Rxh7 Kxh7 50. h4 Kh6 51. Bd1 Kg7
52. h5 Nh4 53. Ka3 Nf5 54. Be2 Rd8 55. Bd3 Bd7 56. Be4 Bc8
57. b5 axb5 58. axb5 Rh8 59. Bxf5 exf5 60. h6+ Kg8 61. Kb4 Be6
62. c6 bxc6 63. b6 Bc8 64. Kc5 Bb7 65. e6 1-0

[Event "World Junior Championship"]
[Site "Yerevan ARM"]
[Date "2007.10.06"]
[EventDate "2007.10.03"]
[Round "4"]
[Result "1/2-1/2"]
[White "Wang Hao"]
[Black "Ivan Popov"]
[WhiteElo "2643"]
[BlackElo "2539"]
[PlyCount "99"]

1. e4 c5 2. Nf3 e6 3. d4 cxd4 4. Nxd4 Nf6 5. Nc3 Nc6 6. Ndb5
d6 7. Bf4 e5 8. Bg5 a6 9. Na3 b5 10. Nd5 Be7 11. Bxf6 Bxf6
12. c3 O-O 13. Nc2 Bg5 14. a4 bxa4 15. Rxa4 a5 16. Bc4 Rb8
17. b3 Kh8 18. Nce3 Ne7 19. Nxe7 Bxe7 20. O-O Bg5 21. Nf5 Bd7
22. Ra2 Bxf5 23. exf5 Rc8 24. Qf3 Rc5 25. Rd1 Qc7 26. g3 Bf6
27. Qe4 Rd8 28. Rd5 g6 29. h4 Kg7 30. Kg2 Qc6 31. fxg6 hxg6
32. Qf3 e4 33. Qxe4 Re8 34. Qf3 Rxd5 35. Bxd5 Qxc3 36. Ra4 Re7
37. Rf4 Qxf3+ 38. Rxf3 Rc7 39. Rd3 Ra7 40. Bc6 Ra6 41. Bb5 Rb6
42. Rd5 Bc3 43. h5 gxh5 44. Rxh5 Be5 45. Bc4 Kg6 46. g4 Rb4
47. f4 Bxf4 48. Rxa5 Be5 49. Kf3 f5 50. gxf5+ 1/2-1/2

[Event "World Junior Championship"]
[Site "Yerevan ARM"]
[Date "2007.10.07"]
[EventDate "2007.10.03"]
[Round "5"]
[Result "1/2-1/2"]
[White "Evgeny Romanov"]
[Black "Wang Hao"]
[WhiteElo "2515"]
[BlackElo "2643"]
[PlyCount "81"]

1. d4 Nf6 2. c4 e6 3. Nf3 b6 4. g3 Ba6 5. Qc2 Bb4+ 6. Bd2 Be7
7. e4 d5 8. cxd5 Bxf1 9. Kxf1 exd5 10. e5 Ne4 11. Nc3 Nxc3
12. bxc3 Qd7 13. Kg2 Nc6 14. c4 Rd8 15. Rhd1 O-O 16. Rac1 dxc4
17. Qxc4 Nxd4 18. Be3 c5 19. Bxd4 cxd4 20. Rxd4 Qe8 21. Rcd1
Rxd4 22. Qxd4 Bc5 23. Qe4 h6 24. Nh4 Qe6 25. Rd2 Re8 26. f4 a5
27. Nf3 g6 28. h4 Bb4 29. Rd5 Qg4 30. Nh2 Qe6 31. h5 f5
32. Qc4 gxh5 33. Nf3 Kh8 34. Nd4 Qg6 35. e6 Rf8 36. Nxf5 Qxe6
37. Qd4+ Qf6 38. Qe4 Qg6 39. Qe5+ Qf6 40. Qe4 Qg6 41. Qe5+
1/2-1/2

[Event "World Junior Championship"]
[Site "Yerevan ARM"]
[Date "2007.10.08"]
[EventDate "2007.10.03"]
[Round "6"]
[Result "1-0"]
[White "Wang Hao"]
[Black "Deepan Chakkravarthy J"]
[WhiteElo "2643"]
[BlackElo "2492"]
[PlyCount "77"]

1. d4 Nf6 2. c4 e6 3. Nf3 d5 4. Nc3 c6 5. Bg5 h6 6. Bh4 g5
7. Bg3 dxc4 8. e4 b5 9. Be2 Bb7 10. O-O Nbd7 11. Ne5 Bg7
12. Nxd7 Nxd7 13. Bd6 Bf8 14. Bxf8 Rxf8 15. a4 a6 16. e5 Qb6
17. Ne4 O-O-O 18. Nd6+ Kb8 19. axb5 axb5 20. b3 c3 21. Qd3 c2
22. Bf3 g4 23. Bxg4 f6 24. Qxc2 fxe5 25. dxe5 Nxe5 26. Nxb7
Kxb7 27. Be2 Rf5 28. Qc3 Qd4 29. Qa5 Qb6 30. Qa3 Rf7 31. b4
Rdf8 32. Qg3 Qd4 33. Rad1 Qf4 34. Qc3 Rg8 35. g3 Qf6 36. Qc5
Ra8 37. Rd6 Rd7 38. f4 Rxd6 39. fxe5 1-0

[Event "World Junior Championship"]
[Site "Yerevan ARM"]
[Date "2007.10.09"]
[EventDate "2007.10.03"]
[Round "7"]
[Result "1/2-1/2"]
[White "Avetik Grigoryan"]
[Black "Wang Hao"]
[WhiteElo "2489"]
[BlackElo "2643"]
[PlyCount "33"]

1. c4 e5 2. Nc3 Nf6 3. Nf3 Nc6 4. d4 exd4 5. Nxd4 Bb4 6. g3
Ne5 7. Qb3 Bc5 8. Be3 d6 9. h3 O-O 10. Bg2 Re8 11. O-O Bd7
12. Na4 Bxd4 13. Bxd4 Bc6 14. Nc3 Bxg2 15. Kxg2 b6 16. Nd5 Ne4
17. Qc2 1/2-1/2

[Event "World Junior Championship"]
[Site "Yerevan ARM"]
[Date "2007.10.11"]
[EventDate "2007.10.03"]
[Round "8"]
[Result "1-0"]
[White "Wang Hao"]
[Black "Wesley So"]
[WhiteElo "2643"]
[BlackElo "2531"]
[PlyCount "135"]

1. Nf3 c5 2. c4 Nc6 3. d4 cxd4 4. Nxd4 Nf6 5. g3 g6 6. Bg2 Bg7
7. O-O O-O 8. Nc3 Nxd4 9. Qxd4 d6 10. Qd3 a6 11. Bg5 Bf5
12. Qd2 Rb8 13. a4 Nd7 14. Bh6 Bxh6 15. Qxh6 Be6 16. b3 Qa5
17. Rfc1 Nf6 18. Rab1 Rfc8 19. Qd2 Qb4 20. Qd3 Rc5 21. e4 Bd7
22. Bf1 Rbc8 23. Re1 b5 24. Na2 bxc4 25. Nxb4 cxd3 26. Nxd3
Rc3 27. e5 Nd5 28. exd6 exd6 29. Re4 a5 30. Rd4 Be6 31. b4
axb4 32. Bg2 Ne7 33. Nxb4 Rc1+ 34. Rd1 Rxd1+ 35. Rxd1 Rc4
36. Rb1 Bf5 37. Bf1 Rd4 38. Rb2 Rd1 39. Kg2 Be4+ 40. f3 Bxf3+
41. Kf2 Be4 42. a5 Nd5 43. Nxd5 Bxd5 44. Be2 Rh1 45. h4 Rh2+
46. Ke3 Rg2 47. Kd4 Ba8 48. Rb8+ Kg7 49. Re8 Bc6 50. Re3 Rg1
51. a6 Ra1 52. Rb3 Ra4+ 53. Ke3 d5 54. Bd3 d4+ 55. Kf4 Bd5
56. Rb5 Be6 57. Rb7 Ra3 58. Bb5 Bc8 59. Bc4 d3 60. Rxf7+ Kh6
61. a7 d2 62. Be2 Be6 63. Re7 Bc4 64. Bd1 Bb3 65. Bxb3 Rxb3
66. a8=Q Rb4+ 67. Ke3 d1=Q 68. Qf8+ 1-0

[Event "World Junior Championship"]
[Site "Yerevan ARM"]
[Date "2007.10.14"]
[EventDate "2007.10.03"]
[Round "11"]
[Result "1/2-1/2"]
[White "Wang Hao"]
[Black "Dmitry Andreikin"]
[WhiteElo "2643"]
[BlackElo "2555"]
[PlyCount "145"]

1. d4 Nf6 2. c4 d6 3. Nc3 e5 4. Nf3 Nbd7 5. e4 Be7 6. Be2 O-O
7. O-O c6 8. d5 Nc5 9. Qc2 cxd5 10. cxd5 Bg4 11. Ne1 Bxe2
12. Qxe2 Rc8 13. Bd2 Qb6 14. Be3 Qb4 15. f3 Nfd7 16. Rb1 Nb6
17. Nc2 Qc4 18. Na3 Qxe2 19. Nxe2 Ncd7 20. Rfc1 Rxc1+ 21. Rxc1
Rc8 22. Rxc8+ Nxc8 23. Nc4 Bd8 24. Nc3 a6 25. a4 Ndb6 26. Na3
Nd7 27. Kf2 Bb6 28. Nc4 Bc7 29. b4 Kf8 30. a5 b5 31. Na3 Bxa5
32. bxa5 b4 33. Ncb1 bxa3 34. Nxa3 Ke8 35. Nc4 f5 36. Ke2 Nf6
37. Kd3 fxe4+ 38. fxe4 Kd7 39. Bg5 Ne8 40. Ne3 Na7 41. Nc2 Kc7
42. Be3 Nc8 43. Nb4 Kb7 44. Nc6 Kc7 45. Bg5 h6 46. Bh4 Kb7
47. Bd8 Na7 48. Ne7 Nb5 49. Nf5 h5 50. Be7 Kc7 51. Bf8 g6
52. Ne7 Nf6 53. Nxg6 Nd7 54. h3 Na3 55. Kc3 Nf6 56. Kd3 Nd7
57. g4 hxg4 58. hxg4 Nc5+ 59. Ke2 Nxe4 60. Nxe5 dxe5 61. Bxa3
Nc3+ 62. Kd3 Nxd5 63. g5 Kd7 64. Ke4 Ke6 65. Bb2 Ne7 66. Bxe5
Nc6 67. Bc3 Ne7 68. Bd2 Nc6 69. Kf4 Kf7 70. Kf5 Nd4+ 71. Ke5
Nf3+ 72. Kd5 Nxd2 73. Kc5 1/2-1/2

[Event "World Junior Championship"]
[Site "Yerevan ARM"]
[Date "2007.10.15"]
[EventDate "2007.10.03"]
[Round "12"]
[Result "1/2-1/2"]
[White "Arman Pashikian"]
[Black "Wang Hao"]
[WhiteElo "2534"]
[BlackElo "2643"]
[PlyCount "101"]

1. d4 d5 2. c4 c6 3. Nc3 Nf6 4. Nf3 dxc4 5. a4 Bf5 6. Ne5 Nbd7
7. Nxc4 Nb6 8. Ne5 a5 9. Bg5 h6 10. Bh4 Nbd5 11. Qb3 Qb6
12. Qxb6 Nxb6 13. f3 Bc2 14. e4 e6 15. Kd2 Bb3 16. Bf2 Bb4
17. Nd3 Nc4+ 18. Kc1 O-O 19. Be2 Rfd8 20. Bd1 Bxd1 21. Rxd1
Nd7 22. Kc2 Be7 23. b3 Ncb6 24. Rd2 f6 25. Rad1 Rac8 26. Nc5
Nxc5 27. dxc5 Na8 28. Nb1 Nc7 29. Rxd8+ Rxd8 30. Rxd8+ Bxd8
31. Nd2 Na6 32. Nc4 Bc7 33. e5 fxe5 34. Kd3 Nb8 35. Be1 Nd7
36. Bxa5 e4+ 37. Ke3 Bxh2 38. b4 exf3 39. Kxf3 Ne5+ 40. Nxe5
Bxe5 41. b5 cxb5 42. axb5 Kf7 43. Ke4 Bg3 44. Bc3 Bf2 45. c6
bxc6 46. bxc6 Ke7 47. Bb4+ Kd8 48. Bd6 h5 49. Ke5 Bg3+
50. Kxe6 Bxd6 51. Kxd6 1/2-1/2

[Event "World Cup"]
[Site "Khanty-Mansiysk RUS"]
[Date "2007.11.25"]
[EventDate "2007.11.24"]
[Round "1.2"]
[Result "0-1"]
[White "Robert Markus"]
[Black "Wang Hao"]
[WhiteElo "2586"]
[BlackElo "2643"]
[PlyCount "98"]

1. Nf3 d5 2. e3 Nf6 3. c4 e6 4. d4 c5 5. cxd5 exd5 6. Bb5+ Bd7
7. Bxd7+ Nbxd7 8. O-O c4 9. a4 Rc8 10. a5 Bd6 11. Nc3 a6
12. Qa4 O-O 13. Bd2 Qe7 14. b3 Qe6 15. Rfb1 Ne4 16. bxc4 Rxc4
17. Qb3 Rfc8 18. Nxe4 dxe4 19. Ne1 R8c7 20. Ra4 Rxa4 21. Qxa4
h5 22. Qb3 Qf5 23. Bb4 Bxb4 24. Qxb4 Nf6 25. h3 Kh7 26. Qa3 h4
27. Ra1 Qc8 28. Qb3 g6 29. Ra2 Kg7 30. Rb2 Rc2 31. Qxc2 Qe6
32. Qc3 Qf5 33. Qc7 Qh5 34. Qc3 Qe2 35. Nc2 g5 36. d5 Qd1+
37. Kh2 Qxd5 38. Nd4 Kg6 39. Kg1 Qe5 40. Qb4 Qc7 41. Nb3 Qc2
42. Nd4 Qc1+ 43. Kh2 Qc7+ 44. Kg1 Qc1+ 45. Kh2 Qf1 46. Qc3 Qb1
47. Qc4 Qd1 48. Qa2 Qe1 49. g3 g4 0-1

[Event "World Cup"]
[Site "Khanty-Mansiysk RUS"]
[Date "2007.11.28"]
[EventDate "2007.11.24"]
[Round "2.2"]
[Result "0-1"]
[White "Wang Hao"]
[Black "Ruslan Ponomariov"]
[WhiteElo "2643"]
[BlackElo "2705"]
[PlyCount "100"]

1. e4 c5 2. Nf3 e6 3. d4 cxd4 4. Nxd4 Nf6 5. Nc3 d6 6. Be2 a6
7. f4 Qc7 8. O-O Be7 9. a4 O-O 10. Be3 Nc6 11. Kh1 Re8 12. Bd3
Bd7 13. Qf3 Nb4 14. a5 Bc6 15. Qg3 Bf8 16. Nf3 Nd7 17. Bd4
Rac8 18. e5 Nxd3 19. cxd3 dxe5 20. fxe5 f5 21. exf6 Qxg3
22. f7+ Kxf7 23. hxg3 Kg8 24. Ne5 Nxe5 25. Bxe5 Red8 26. d4
Bd6 27. Rfd1 Bxe5 28. dxe5 Rxd1+ 29. Rxd1 Rf8 30. Kg1 Rf5
31. Re1 Rg5 32. Re3 Rg4 33. Ne2 Rb4 34. b3 Kf7 35. Rd3 Bb5
36. Rf3+ Ke7 37. Nf4 Bc6 38. Re3 Rb5 39. g4 Rb4 40. g3 h6
41. Kf2 g5 42. Nh5 Rxg4 43. Nf6 Rb4 44. g4 Rb5 45. Ke2 Bd5
46. Rd3 Rxa5 47. Ke3 Rb5 48. Kd4 a5 49. Rc3 Rb4+ 50. Kd3 Bc6
0-1

[Event "World Cup"]
[Site "Khanty-Mansiysk RUS"]
[Date "2007.11.29"]
[EventDate "2007.11.24"]
[Round "2.3"]
[Result "1-0"]
[White "Ruslan Ponomariov"]
[Black "Wang Hao"]
[WhiteElo "2705"]
[BlackElo "2643"]
[PlyCount "123"]

1. d4 d5 2. c4 c6 3. Nf3 Nf6 4. Nc3 a6 5. cxd5 cxd5 6. Bf4 Nc6
7. Rc1 Bf5 8. e3 Rc8 9. Be2 e6 10. O-O Be7 11. Qb3 Na5
12. Qa4+ Nc6 13. Bxa6 Ra8 14. Bxb7 Rxa4 15. Bxc6+ Kf8 16. Nxa4
Bd3 17. Rfd1 Be2 18. Rd2 Bxf3 19. gxf3 g5 20. Be5 g4 21. fxg4
Bd6 22. f3 h5 23. Nc5 Bxe5 24. dxe5 Nxg4 25. Nd7+ Kg7 26. fxg4
Qg5 27. Re1 hxg4 28. Rg2 Rh3 29. Nf6 g3 30. hxg3 Qxe5 31. Ng4
Qc7 32. Rc1 Qb6 33. Rc3 f5 34. Nf2 Qxb2 35. Nxh3 Qxc3 36. Bd7
Qxe3+ 37. Kh2 e5 38. Bxf5 d4 39. a4 d3 40. a5 d2 41. Bg4 Qd4
42. Bd1 e4 43. Nf4 Kh6 44. a6 e3 45. Rg1 Qc3 46. Be2 Qb2
47. Kg2 Kg7 48. Kf3 Qc1 49. Rd1 Qc3 50. Bd3 Kf7 51. Kxe3 Qc5+
52. Kxd2 Qf2+ 53. Ne2 Ke6 54. Ra1 Qa7 55. Rb1 Qc5 56. Rb7 Qa5+
57. Ke3 Qe5+ 58. Kf2 Qc5+ 59. Kf1 Qf8+ 60. Kg2 Qc5 61. Nf4+
Kd6 62. Rh7 1-0

[Event "World Cup"]
[Site "Khanty-Mansiysk RUS"]
[Date "2007.11.29"]
[EventDate "2007.11.24"]
[Round "2.4"]
[Result "1/2-1/2"]
[White "Wang Hao"]
[Black "Ruslan Ponomariov"]
[WhiteElo "2643"]
[BlackElo "2705"]
[PlyCount "97"]

1. e4 c5 2. Nf3 d6 3. d4 cxd4 4. Nxd4 Nf6 5. Nc3 a6 6. Be3 e5
7. Nb3 Be6 8. f3 Nbd7 9. g4 Nb6 10. g5 Nh5 11. Qd2 Be7
12. O-O-O O-O 13. Kb1 Qc7 14. Rg1 g6 15. h4 Rac8 16. f4 exf4
17. Bxf4 Nxf4 18. Qxf4 Na4 19. Rg3 Nxc3+ 20. Rxc3 Qb6 21. Re3
f6 22. Qg3 fxg5 23. hxg5 Qc7 24. Bd3 Bc4 25. c3 Bxd3+
26. Rexd3 Rf7 27. Nd4 Re8 28. Qh3 Qc8 29. Ne6 Bf8 30. Nxf8
Qxh3 31. Rxh3 Kxf8 32. Rxd6 Rxe4 33. a3 Re5 34. Rg3 Ke7
35. Rd4 Ke6 36. a4 Rff5 37. Rh3 Rf7 38. Rdh4 Rxg5 39. Rxh7
Rgf5 40. R7h6 Rg7 41. Rg3 Kf6 42. Kc2 Rf4 43. b4 Kf5 44. Rh8
g5 45. Kb3 g4 46. Rh5+ Ke4 47. Rh4 Kf5 48. Rh8 Kg5 49. Rhh3
1/2-1/2

[Event "Gibraltar Chess Festival"]
[Site "Gibraltar ENG"]
[Date "2008.01.22"]
[EventDate "2008.01.22"]
[Round "1"]
[Result "1-0"]
[White "Wang Hao"]
[Black "Cristina-Adela Foisor"]
[WhiteElo "2665"]
[BlackElo "2412"]
[PlyCount "63"]

1. e4 c6 2. d4 g6 3. Nc3 d5 4. Nf3 Bg7 5. h3 Nf6 6. e5 Ne4
7. Nxe4 dxe4 8. Ng5 c5 9. Bc4 O-O 10. c3 Nc6 11. Be3 cxd4
12. cxd4 Qa5+ 13. Kf1 h6 14. Nxe4 Rd8 15. Rc1 Nxe5 16. Bd2
Rxd4 17. Bxa5 Rxd1+ 18. Rxd1 Nxc4 19. Rd8+ Kh7 20. Bc3 Nxb2
21. h4 Bxc3 22. Nxc3 b6 23. Kg1 Bb7 24. Rd7 Bc8 25. Rxe7 Be6
26. Kh2 Nd3 27. f3 Kg8 28. Rd1 Nc5 29. a3 Kf8 30. Rc7 Bb3
31. Rd2 Ne6 32. Rc6 1-0

[Event "Gibraltar Chess Festival"]
[Site "Gibraltar ENG"]
[Date "2008.01.25"]
[EventDate "2008.01.22"]
[Round "4"]
[Result "0-1"]
[White "Tiger Hillarp Persson"]
[Black "Wang Hao"]
[WhiteElo "2535"]
[BlackElo "2665"]
[PlyCount "76"]

1. c4 Nf6 2. Nf3 c6 3. d4 d5 4. Nc3 e6 5. Bg5 h6 6. Bh4 dxc4
7. e4 g5 8. Bg3 b5 9. Be2 Bb7 10. O-O Nbd7 11. Ne5 Bg7
12. Nxd7 Nxd7 13. Bd6 a6 14. Re1 Bf8 15. Bxf8 Kxf8 16. b3 cxb3
17. Qxb3 Kg7 18. a4 Qe7 19. Rad1 b4 20. a5 bxc3 21. Qxb7 Rhb8
22. Qxc6 Rc8 23. Qa4 Nf6 24. Rc1 Rc7 25. Rc2 Nxe4 26. Bf3 f5
27. Bxe4 fxe4 28. Rxe4 Rb8 29. g3 Qd6 30. Qa2 Rc6 31. h4 Rb4
32. hxg5 hxg5 33. Rce2 Qd5 34. Qa3 c2 35. Qxb4 c1=Q+ 36. Kh2
Rc7 37. f3 Qf5 38. Rxe6 Qh7+ 0-1

[Event "Gibraltar Chess Festival"]
[Site "Gibraltar ENG"]
[Date "2008.01.26"]
[EventDate "2008.01.22"]
[Round "5"]
[Result "1-0"]
[White "Wang Hao"]
[Black "Leonid Kritz"]
[WhiteElo "2665"]
[BlackElo "2592"]
[PlyCount "267"]

1. d4 d5 2. Nf3 Nf6 3. c4 c6 4. e3 a6 5. Bd3 Bg4 6. Nbd2 e6
7. Qc2 Nbd7 8. b3 Be7 9. Bb2 Bh5 10. O-O Bg6 11. e4 dxe4
12. Nxe4 Nxe4 13. Bxe4 Bxe4 14. Qxe4 O-O 15. Rad1 Nf6 16. Qe2
Qc7 17. Rd3 Rad8 18. Rfd1 Nh5 19. g3 Nf6 20. Ne5 Rfe8 21. Qf3
Rf8 22. h4 Qa5 23. Qe2 Rfe8 24. a4 Qc7 25. Qf3 Rf8 26. h5 h6
27. Kg2 Qa5 28. Bc1 Nd7 29. Nxd7 Rxd7 30. d5 cxd5 31. cxd5
Rxd5 32. Rxd5 exd5 33. Rxd5 Qc7 34. Bf4 Qc8 35. Rd3 b5 36. Rc3
Qf5 37. g4 Qd7 38. Rc7 Qe8 39. Ra7 bxa4 40. bxa4 Bc5 41. Rxa6
Qd7 42. Ra5 Bb6 43. Rb5 Qa7 44. Bg3 Bxf2 45. Bxf2 Qxa4 46. Rb7
Qa2 47. Ra7 Qe6 48. Ra5 Rc8 49. Kh3 Rb8 50. Rd5 Re8 51. Rd4
Rb8 52. Bg3 Re8 53. Rd6 Qc4 54. Rc6 Qa2 55. Rc7 Qe6 56. Rc5
Rc8 57. Re5 Qc4 58. Re4 Qa2 59. Qf5 Qa8 60. Re1 Re8 61. Rf1
Qa2 62. Qd7 Ra8 63. Rf5 Qc4 64. Qd5 Qxd5 65. Rxd5 Ra4 66. Rd8+
Kh7 67. Rf8 f6 68. Rf7 Kg8 69. Rc7 Ra5 70. Be1 Rg5 71. Bd2 Rd5
72. Bc3 Rd3+ 73. Kg2 Kf8 74. Kf2 Kg8 75. Rc4 Kf7 76. Rc7+ Kg8
77. Rc5 Kf7 78. Be1 Kg8 79. Ke2 Rh3 80. Bf2 Kf7 81. Rb5 Ke7
82. Rf5 Ke6 83. Rf3 Rh1 84. Bd4 Rh4 85. Rf4 Rh3 86. Kf2 Kf7
87. Rf3 Rh1 88. Kg3 Rd1 89. Bb2 Rg1+ 90. Kf4 Rb1 91. Bd4 Rd1
92. Ke4 Re1+ 93. Be3 Rb1 94. Rf2 Rb4+ 95. Bd4 Rb5 96. Rf5 Rb1
97. Ra5 Re1+ 98. Be3 Kg8 99. Ra3 Kh7 100. Kf5 Re2 101. Bf4 Rf2
102. Ra4 Re2 103. Re4 Ra2 104. Ke6 Kg8 105. Bd6 Ra1 106. Rb4
Re1+ 107. Kf5 Kh7 108. Rb7 Re2 109. Rc7 Rf2+ 110. Ke6 Rg2
111. Rc4 Rg1 112. Kf7 Rd1 113. Be7 Rd7 114. Rc6 Rb7 115. Rc8
Ra7 116. g5 hxg5 117. h6 gxh6 118. Kxf6 Ra1 119. Kf7 Ra7
120. Rd8 Rb7 121. Kf6 Rb1 122. Kf7 Rb7 123. Rd1 Ra7 124. Kf6
Ra2 125. Bc5 Ra6+ 126. Kf5 Rg6 127. Be7 h5 128. Bf6 Rg8
129. Rd7+ Kh6 130. Rf7 h4 131. Be7 Rh8 132. Bxg5+ Kh5 133. Bf6
Rh6 134. Rg7 1-0